Fibre bundles

-д хадгалсан:
Номзүйн дэлгэрэнгүй
Үндсэн зохиолч: Husemöller, Dale (Зохиогч)
Формат: Ном
Хэл сонгох:англи
Хэвлэсэн: Nueva York Springer-Verlag 1975
Хэвлэл:2a. ed
Цуврал:Graduate Texts in Mathematics, 20
Нөхцлүүд:
Шошгууд: Шошго нэмэх
Шошго байхгүй, Энэхүү баримтыг шошголох эхний хүн болох!

MARC

LEADER 00000nam a2200000 a 4500
001 UCQ9466
003 CL-VaPUC
008 990112e19750000US |||||||||||||||||eng|d
082 0 4 |a 514.224  |b HUS  |2 21 
100 |a Husemöller, Dale  |e author  |9 570351 
245 1 0 |a Fibre bundles 
250 |a 2a. ed 
300 |a 327 p 
942 |c BK 
945 |d 19990112 00:00:00  |a crobeson 
260 |a Nueva York  |b Springer-Verlag  |c 1975 
650 7 |a ESPACIOS FIBROSOS  |2 CL-VaPUC  |9 424032 
650 0 |a Topología algebraica   |9 269858 
583 |a last modification  |c 19990112 00:00:00  |k Rodrigo Vera 
490 0 |a Graduate Texts in Mathematics, 20 
999 |c 278469  |d 278467